000 00327nam a22001457a 4500
008 180919b xxu||||| |||| 00| 0 eng d
020 _a9789812380739
041 _aeng
080 _a62
082 _a62
100 _a27
101 _aMEK
245 _aNano-Engineering in Science and Technology
_cRieth,M
942 _2udc
_cBK
999 _c48035
_d48035